1983 1934 1235 1259 1443 1015 1826 1219 1444 1630 1960 1936 1080 1727 1107 1501 1167 1907 1661 1770 1197 1547 1566 1883 1736 1821 1623 1702 1359 1248 1542 1555 1184 1112 1628 1949 1666 1849 1260 1242 1243 1691 1819 1569 1823 1644 1567 1074 1661 1596 1068 1114 1039 1966 1695 1296 1270 1804 1380 1266 1190 1567 1109 1508 1827 1060 1648 1629 1138 1987 1802 1771 1269 1161 1948 1852 1338 1895 1059 1218 1506 1781 1453 1841 1004 1424 1110 1879 1771 1029 1467 1857 1299 1253 1153 1244 1751 1813 1436 BCNSPRNW ULIB Ver.6.0+V

เปลี่ยนเป็นภาษาไทย

Change to English
 แสดงรายละเอียดบรรณานุกรม
  กลับหน้าหลัก

Brief Record : Get Marc (ISO 2709) : E-mail record : QR code < ปิดหน้าต่าง
LEADER : 00000nam 2200000uu 4500
001    13399127469
003     ULIB
008    200604s2017||||th 000 0 tha d
020    ^a9781520673936 (pbk.)
050  4 ^aPE1128^bE48TG
100 1  ^aElmetaher, Hosam
245 10 ^aTOEFL ITP test.^pGrammar /^cHosam Elmetaher
260    ^a[Great Britain :^bHosam Elmetaher],^c2017
300    ^av, 95 p. ;^c28 cm.
650  0 ^aTest of English as a Foreign Language^vStudy guides
650  0 ^aEnglish language^vTextbooks for foreign speakers
650  0 ^aEnglish language^xGrammar
650  0 ^aEnglish language^xExaminations
653    ^aTOEFL
945    ^p0^l0^i28376
999    ^aกัณชพร จุลอักษร
รายการนี้ยังไม่มีแท็ก
คุณยังไม่ได้ล็อกอิน คุณสามารถมีกิจกรรมร่วมกับเว็บไซต์ได้ แต่ต้องล็อกอินก่อน ::
  ล็อกอิน

รายการสื่อสารสนเทศ

ลำดับที่ ประเภท เลขเรียก/บาร์โค้ด สถานที่ สถานะ
1. หนังสือสำรอง
หนังสือสำรอง
PE1128 E48TG ฉ.1 
  Barcode: 28376
ห้องสมุดวิทยาเขตนครสวรรค์
►หนังสือทั่วไป:l:General Books
บนชั้น

รายการใกล้เคียง
    ผู้แต่ง [Elmetaher, Hosam]

    หัวเรื่อง [English language Grammar]

BibComment


ยังไม่เคยถูกคอมเมนท์

คอมเมนท์ทรัพยากรรายการนี้
  คอมเมนท์: TOEFL ITP test G..


 Copyright 2026. Bcnsprnw @Library